|
|
|
|
| LEADER |
00000cam a2200000 a 4500 |
| 001 |
vtls001326472 |
| 003 |
SK-MaSNL |
| 005 |
20260301142130.0 |
| 008 |
220512s1997 xo gr 0000f slo |
| 015 |
|
|
|a SNBA1998/08-02696
|
| 020 |
|
|
|a 8085725061
|q (viazané)
|
| 035 |
|
|
|a SNK000279249
|
| 035 |
|
|
|a 77CE0238-4FE8-4A6B-A573-B0BF9EB1B7A4
|
| 035 |
|
|
|a urn:nbn:sk:snk-am00a0da
|
| 035 |
|
|
|a urn:nbn:sk:snk-am3hc37
|
| 040 |
|
|
|a SNK
|b slo
|a SNK
|e AACR2
|c SNK
|
| 041 |
1 |
|
|a slo
|h eng
|
| 044 |
|
|
|a xo
|c SK
|
| 072 |
|
7 |
|a 821
|x Literatúry v rôznych jazykoch
|2 konspekt
|
| 080 |
|
|
|a 821(71)-31
|2 2001
|
| 080 |
|
|
|a (0:82-311.6)
|2 2011
|
| 100 |
1 |
|
|a Gedge, Pauline,
|d 1945-
|4 aut
|9 215517
|
| 240 |
1 |
0 |
|a Child of the morning
|l Slovensky
|
| 245 |
1 |
0 |
|a Kvet Egypta
|c Pauline Gedgeová ; [z anglického originálu Child of the morning ... preložila Ivana Kupková]
|
| 250 |
|
|
|a 1. vyd.
|
| 260 |
|
|
|a Bratislava
|b Kunder
|c 1997
|
| 300 |
|
|
|a 397 strán
|c 21 cm
|
| 655 |
|
7 |
|a kanadské romány (anglicky)
|2 SNKPH
|9 70623
|
| 655 |
|
7 |
|a historické romány
|2 SNKPH
|9 70253
|
| 700 |
1 |
|
|a Kupková, Ivana,
|d 1971-
|4 trl
|9 198929
|
| 919 |
|
|
|a 80-85725-06-1
|
| 954 |
|
|
|a beletria cudzojazyčná (svetová)
|2 lita
|
| 958 |
|
|
|a TL
|
| 958 |
|
|
|a LX
|
| 958 |
|
|
|a UP
|
| 958 |
|
|
|a OND
|
| 999 |
|
|
|c 769239
|d 771169
|
| 952 |
|
|
|t P60, <03>, [BOOK], {603}
|a SNK
|b SNK
|y PREZ
|7 0
|p 17A0130636
|o snkSC 95515
|i snkKSP 3782/98
|0 0
|1 0
|4 0
|d 1998-04-06
|f 1
|l 0
|r 2025-09-12 00:00:00
|w 2026-02-24
|
| 952 |
|
|
|t P60, <05>, [BOOK], {605}
|a SNK
|b SNK
|y PREZ
|7 0
|p 17A0130637
|o snkSC 95515 D1
|i snkKSP 3783/98
|0 0
|1 0
|4 0
|d 1998-04-06
|l 0
|r 2005-01-02 00:00:00
|w 2026-02-24
|